| 000 | 01823nam0a2200397 4500 | ||
|---|---|---|---|
| 001 | RU\NLR\bibl\1512326 | ||
| 005 | 20260408195512.0 | ||
| 010 |
_a978-5-91663-051-0 _91400 |
||
| 021 |
_aRU _b2010-25546 _91721 |
||
| 035 | _a(nilc)RSL-KNO-004626985 | ||
| 035 | _a(NLR Aleph) 001503719 | ||
| 090 |
_a1799910 _c1799910 |
||
| 100 | _a20100407d2010 |||y0rusy50 ca | ||
| 101 | 1 |
_arus _ceng |
|
| 102 | _aRU | ||
| 105 | _aa ||||||||| | ||
| 200 | 1 |
_aОт Dell без посредников _eстратегии, которые совершили революцию в компьютерной индустрии _fМайкл Делл при участии Кэтрин Фредман _g[пер. с англ. Е. Китаевой] |
|
| 210 |
_aМосква _cБизнеском _d2010 |
||
| 215 |
_a252 с. _cил. _d22 |
||
| 225 | 1 |
_aБиблиотека генерального директора _iПуть к успеху _vТ. 2 (14),2010 год |
|
| 300 | _aЗагл. и авт. ориг.: Direct from Dell / Michael Dell | ||
| 454 | 0 |
_12001#$aDirect from Dell _1700#1$aDell$bM.$gMichael$4070 _tDirect from Dell _aDell, Michael |
|
| 517 | 0 | _aСтратегии, которые совершили революцию в компьютерной индустрии | |
| 601 | 0 | 2 |
_aДелл, корпорация _cСША _92357844 _3RU\NLR\AUTH\661408236 |
| 606 |
_aИнформационные технологии _xПредпринимательство _3RU\NLR\auth\661397240 _92337167 |
||
| 686 | 1 | _aУ39(0)-13 | |
| 686 | 1 | _aУ39(7США)1 | |
| 686 | 1 | _aУ30(7США)585.151.551.109.2 | |
| 700 | 1 |
_aДелл _bМ. _gМайкл _4070 |
|
| 801 | 0 |
_aRU _bРГБ _c20100407 _grcr |
|
| 801 | 1 |
_aRU _bРГБ _c20100407 |
|
| 801 | 2 |
_aRU _bNLR _c20100517 _grcr |
|
| 942 | _cBOOK | ||
| 980 | _aNB | ||